|
|
|
|
| LEADER |
00000nlm0a2200000 4500 |
| 001 |
204219 |
| 005 |
20240111115859.0 |
| 035 |
|
|
|a (RuTPU)RU\TPU\book\222576
|
| 090 |
|
|
|a 204219
|
| 100 |
|
|
|a 20111121d2011 k y0rusy50 ca
|
| 101 |
0 |
|
|a rus
|
| 102 |
|
|
|a RU
|
| 105 |
|
|
|a a dm 000zy
|
| 135 |
|
|
|a drbn ---uucaa
|
| 181 |
|
0 |
|a i
|
| 182 |
|
0 |
|a b
|
| 200 |
1 |
|
|a Радиационно-термический синтез легированных литиевых ферритов в пучке ускоренных электронов
|e автореферат диссертации на соискание ученой степени кандидата технических наук
|e спец. 05.17.11
|f Е. А. Васендина
|g Национальный исследовательский Томский политехнический университет (ТПУ), Проблемная научно-исследовательская лаборатория электроники, диэлектриков и полупроводников ; науч. рук. А. П. Суржиков
|
| 203 |
|
|
|a Текст
|c электронный
|
| 210 |
|
|
|a Томск
|d 2011
|
| 215 |
|
|
|a 1 файл (1.4 Mb)
|
| 300 |
|
|
|a Заглавие с титульного экрана
|
| 300 |
|
|
|a Электронная версия печатной публикации
|
| 337 |
|
|
|a Adobe Reader
|
| 452 |
|
1 |
|0 (RuTPU)RU\TPU\book\224517
|t Радиационно-термический синтез легированных литиевых ферритов в пучке ускоренных электронов
|o автореферат диссертации на соискание ученой степени кандидата технических наук
|o спец. 05.17.11
|f Е. А. Васендина
|g Национальный исследовательский Томский политехнический университет (ТПУ), Проблемная научно-исследовательская лаборатория электроники, диэлектриков и полупроводников ; науч. рук. А. П. Суржиков
|c Томск
|d 2011
|p 21 с.
|a Васендина, Елена Александровна
|
| 606 |
1 |
|
|a Керамика ферритовая
|2 stltpush
|3 (RuTPU)RU\TPU\subj\58926
|9 76608
|
| 610 |
1 |
|
|a электронный ресурс
|
| 610 |
1 |
|
|a авторефераты диссертаций
|
| 610 |
1 |
|
|a труды учёных ТПУ
|
| 610 |
1 |
|
|a оксидные материалы
|
| 610 |
1 |
|
|a ферриты
|
| 610 |
1 |
|
|a структура
|
| 610 |
1 |
|
|a получение
|
| 610 |
1 |
|
|a свойства
|
| 610 |
1 |
|
|a реакционные смеси
|
| 610 |
1 |
|
|a термический обжиг
|
| 610 |
1 |
|
|a фазовый состав
|
| 610 |
1 |
|
|a замещенные литиевые ферриты
|
| 610 |
1 |
|
|a радиационно-термический синтез
|
| 610 |
1 |
|
|a ускоренные электроны
|
| 610 |
1 |
|
|a пучки
|
| 610 |
1 |
|
|a легированные литиевые ферриты
|
| 610 |
1 |
|
|a порошки
|
| 610 |
1 |
|
|a промышленное производство
|
| 610 |
1 |
|
|a технологические схемы
|
| 675 |
|
|
|a 666.65(04)
|v 3
|
| 686 |
|
|
|a 05.17.11
|2 oksvnk
|
| 700 |
|
1 |
|a Васендина
|b Е. А.
|c специалист в области электротехники
|c доцент Томского политехнического университета, инженер, кандидат технических наук
|f 1975-
|g Елена Александровна
|3 (RuTPU)RU\TPU\pers\28171
|9 13129
|
| 702 |
|
1 |
|a Суржиков
|b А. П.
|c российский физик
|c профессор Томского политехнического университета
|f 1951-
|g Анатолий Петрович
|3 (RuTPU)RU\TPU\pers\22010
|4 727
|
| 712 |
0 |
2 |
|a Национальный исследовательский Томский политехнический университет (ТПУ)
|b Проблемная научно-исследовательская лаборатория электроники, диэлектриков и полупроводников
|c (2009- )
|3 (RuTPU)RU\TPU\col\15902
|
| 801 |
|
1 |
|a RU
|b 63413507
|c 20111121
|
| 801 |
|
2 |
|a RU
|b 63413507
|c 20151112
|g RCR
|
| 856 |
4 |
|
|u http://www.lib.tpu.ru/fulltext/a/2011/71.pdf
|
| 942 |
|
|
|c CF
|